| 000 | 01061cac a22002531u 4500 | ||
|---|---|---|---|
| 090 | _c4175 | ||
| 008 | 081222t 1999xxu||||| |||| 00| 0 eng d | ||
| 010 | _a 98006855 | ||
| 020 | _a0256218854 | ||
| 082 | 0 | 0 |
_a657.0285 _bBOO |
| 100 | _aBoockholdt, James L. | ||
| 245 | 1 | 0 |
_aAccounting information systems : _btransactions processing and controls / _cJ.L. Boockholdt. |
| 250 | _a5th ed. | ||
| 260 |
_aBoston : _bIrwin/McGraw-Hill, _cc1999. |
||
| 300 |
_axxi, 762 p. : _bill. ; _c24 cm. |
||
| 504 | _aIncludes bibliographical references and index. | ||
| 650 | 0 |
_aAccounting _xData processing. |
|
| 650 | 0 | _aTransaction systems (Computer systems) | |
| 650 | 0 | _aElectronic data interchange. | |
| 856 | 4 | 2 |
_3Publisher description _uhttp://www.loc.gov/catdir/description/mh023/98006855.html |
| 856 | 4 | 2 |
_3Table of contents _uhttp://www.loc.gov/catdir/toc/mh022/98006855.html |
| 942 |
_cBB _k657.0285BOO _2ddc |
||
| 999 |
_c4175 _d4175 |
||